Score 0/22 Timer 07:00
5 Plays Today
% Correct
The Great Pyramid
94.3%
Very dark red
94%
Fart diary
92.7%
Washed their hands properly
92%
Infrared-vision equipment
91.4%
Use their wool
91.2%
Tiny particles of metal
89.8%
Drag artist
89%
1944
87.3%
Never eaten
87%
Elvis
84.5%
% Correct
The McDonald's logo
82.1%
Chickens
81.8%
1997
81.3%
Gingerbread man
78%
Everyone in Britain
77.5%
AK-47s
75.6%
All the people
73.9%
Rolls-Royces
71.1%
Pigs and anchovies
62.1%
Cheese
54.5%
LEGO figures
35%
Remove Ads.
Support Sporcle.
Get the best of Sporcle when you Go Orange. This ad-free experience offers more features, more stats, and more fun while also helping to support Sporcle. Thank you for becoming a member.

You're not logged in!

Compare scores with friends on all Sporcle quizzes.
OR
Log In

Show Comments

Extras

Top Quizzes Today


Score Distribution

Your Account Isn't Verified!

In order to create a playlist on Sporcle, you need to verify the email address you used during registration. Go to your Sporcle Settings to finish the process.

Report this User

Report this user for behavior that violates our Community Guidelines.

Details: